000 00606nam a2200229 a 4500
999 _c6196
_d6196
001 6196
003 BD-JhCC
005 20180116180454.0
008 180116s19431959us a|||| || | 001 0 eng d
035 _a(BD-JhCC)6196
040 _aBD-JhCC
_dBD-JhCC
041 _aeng
082 _a808
_bJoh 1959
100 _aJohn, Mellie
245 _aThe New Building Better English 9 /
_cMellie John,
260 _aNew York :
_bRow, Peterson and Company
_c1959.
300 _a435 p. :
_bill. ;
_c23 cm.
504 _aIncludes Index.
650 _aEnglish Language
_xGrammar
942 _2ddc
_cBK